| 000 | 02791nam a22003017a 4500 | ||
|---|---|---|---|
| 001 | 1608 | ||
| 003 | FISKH | ||
| 005 | 20231010083417.0 | ||
| 008 | 230911b cb ||||| |||| 00| 0 khr d | ||
| 020 | _a9789995054595 | ||
| 040 |
_aFISKH _beng _cFISKH _dFISKH |
||
| 082 | _a595.7 | ||
| 100 | _aHoai, To | ||
| 245 |
_aដំណើរផ្សងព្រេងរបស់ចង្រិតដូង / _cរូបគំនូរដោយ ញឹក សុផាលាភ |
||
| 250 | _aបោះពុម្ពលើកទី ៥ ខែវិច្ឆិកា ឆ្នាំ ២០២២ | ||
| 260 |
_aPhnom Penh : _bSipar, _c2022. |
||
| 300 |
_a142 pages : _billustrations ; _c19 cm |
||
| 490 | _aអក្សសិល្ប៍យុវវ័យ | ||
| 505 | _aZ' | ||
| 520 | _aចង្រឹតដូងមានដងខ្លួនភ្លឺរលោង មាឌមាំ ចិត្តហានក្លា ហើយចូលចិត្តបង្កជម្លោះជាមួយអ្នកដទៃ ។ ថ្ងៃមួយគេត្រូវក្មេងៗ ចាប់បាន ប៉ុន្តែគេគេចខ្លួនរួច ហើយបានស្គាល់ខ្មុរ ដែលក្រោយមកក្លាយជាមិត្តល្អនឹងគ្នា។ មិត្តទាំងពីរនាំគ្នាធ្វើដំណើរផ្សងព្រេង ដើម្បីស្វែងយល់ពិភពលោក។ តាមផ្លូវពួកគេជួបសត្វផ្សេងៗ ហើយទទួលបានបទពិសោធន៍ជាច្រើនមានទាំងសប្បាយ មានទាំងកម្សត់។ ក្រោយមក ពួកគេសម្រេចចិត្តចូលរួមជាមួយសត្វដ៏ទៃទៀត ដើម្បីស្វែងរកសន្តិភាព សម្រាប់ពិភពលោកទាំងមួល ។ | ||
| 520 | _aCrickets have a shiny body, strong and courageous and like to quarrel with others. One day he was caught by the children, but he escaped and got to know the Khmer, who later became good friends. The two friends go on an adventure to explore the world. Along the way, they meet various animals and gain many experiences, both happy and sad. Later, they decide to join other animals to find peace for the whole world. | ||
| 521 | 8 |
_a920
_bLexile estimate |
|
| 521 | 8 |
_aZ'
_bRaz-Plus |
|
| 650 |
_aដំណើរផ្សងព្រេង _vខ្លាំង _xមិត្តភាព _yស្វែងរក |
||
| 650 |
_aAdventure _vStrong _xFriendship _yExplore |
||
| 700 |
_aSophaleap, Nhoek _eillustrator |
||
| 942 |
_2ddc _cBK _n0 |
||
| 999 |
_c1608 _d1608 |
||